| 000 | 00438nam a22001577a 4500 | ||
|---|---|---|---|
| 003 | LK-CoDNM | ||
| 005 | 20240815113632.0 | ||
| 008 | 240815b |||||||| |||| 00| 0 eng d | ||
| 040 |
_aLK-CoDNM _dLK-CoDNM _eLK-CoDNM |
||
| 080 |
_a9 _bK18 |
||
| 100 | _aALLAN JOHAN | ||
| 245 | _aCATALOGUE OF THE COINS IN THE INDIAN MUSEUM CALCUTTA | ||
| 260 |
_aOXFORD _bAT THE CLARENDON PRESS _c1928 |
||
| 300 | _aVII, 361P. : ILL ;26 CM | ||
| 942 | _cBK | ||
| 999 |
_c147938 _d147938 |
||